logo

Bir Sreshtho Munshi Abdur Rouf Library
Jhenaidah Cadet College

থিওরি অফ রিলেটিভিটি / (Record no. 202)

MARC details
000 -LEADER
fixed length control field 00756nam a2200229 a 4500
001 - CONTROL NUMBER
JCCL Control Number 202
003 - CONTROL NUMBER IDENTIFIER
JCCL marc code BD-JhCC
005 - DATE AND TIME OF LATEST TRANSACTION
control field 20221018134024.0
008 - FIXED-LENGTH DATA ELEMENTS--GENERAL INFORMATION
fixed length control field 171002s2011 bg a|||| |||| 000 0 mul d
020 ## - INTERNATIONAL STANDARD BOOK NUMBER
International Standard Book Number 9847015600419
035 ## - SYSTEM CONTROL NUMBER
system control number (BD-JhCC)202
040 ## - CATALOGING SOURCE
Original cataloging agency BD-JhCC
Modifying agency BD-JhCC
041 ## - LANGUAGE CODE
Language code of Book ben and eng
082 ## - DEWEY DECIMAL CLASSIFICATION NUMBER
Classification number 530
Author mark and Year IQB 2011
100 ## - MAIN ENTRY--PERSONAL NAME
Personal name ইকবাল, মুহম্মদ জাফর
245 ## - TITLE STATEMENT
Title থিওরি অফ রিলেটিভিটি /
Statement of responsibility, etc মুহম্মদ জাফর ইকবাল
260 ## - PUBLICATION, DISTRIBUTION, ETC. (IMPRINT)
Place of publication, distribution, etc ঢাকা :
Name of publisher, distributor, etc মাওলা ব্রাদার্স,
Date of publication, distribution, etc ২০১১.
300 ## - PHYSICAL DESCRIPTION
Pagination ৯৫ পৃ. :
Other physical details ill. fig. ;
Dimensions ২১ সেমি.
650 ## - SUBJECT ADDED ENTRY--TOPICAL TERM
Topical term or geographic name as entry element Physics
942 ## - ADDED ENTRY ELEMENTS (KOHA)
Source of classification or shelving scheme Dewey Decimal Classification
Koha item type Books
Koha issues (borrowed), all copies 14
Holdings
Source of classification or shelving scheme Damaged status Not for loan Home library Current library Shelving location Date of accession Cost, normal purchase price Total Checkouts Full call number Barcode Date last seen Date checked out Copy number Koha item type Source of acquisition Method of acquisition Currency
Dewey Decimal Classification     JCC Rouf Library JCC Rouf Library General Stacks 10/02/2017 120.00 5 530 IQB 2011 1234 11/07/2022 10/17/2022 C-1 Books      
Dewey Decimal Classification     JCC Rouf Library JCC Rouf Library General Stacks 10/07/2017 100.00   530 IQB 2011 1693 05/15/2023   C-2 Books Zahedee Foundation    
Dewey Decimal Classification     JCC Rouf Library JCC Rouf Library General Stacks 10/08/2017 170.00 7 530 IQB 2015 14737 03/04/2024 02/19/2024 C-3 Books      
Dewey Decimal Classification     JCC Rouf Library JCC Rouf Library General Stacks   120.00   530 IQB 2011 19412 05/11/2024   C-4 Books   Purchase BDT
Dewey Decimal Classification     JCC Rouf Library JCC Rouf Library General Stacks   175.00   530 IQB 2011 19452 05/11/2024   C-5 Books   Purchase BDT
Dewey Decimal Classification     JCC Rouf Library JCC Rouf Library General Stacks   175.00 1 530 IQB 2011 19315 04/07/2025 10/23/2024 C-6 Books   Purchase BDT

JCC Library | Contacts | JCC Home

Last Update on 23 September 2017
Copyright @ 2017-2020 JCC Rouf Library
Rouf Library, Jhenidah Cadet College (JCC), Bangladesh